LEADER 01056nam a2200265 u 4500 001 000000045211 003 CaOOAMICUS 005 20070226114633.0 008 990525s1970 it u000 u ita u 035 $a10824240 040 $aPUL(R)$bita$dPUL(R) 100 1 $aSena, Giuseppe.$0(OLS)http://pul/name/32972 245 13$aIl boicottaggio / :$bun aspetto della disciplina della concorrenza /$cGiuseppe Sena. 260 $aMilano :$bGiuffrè,$c1970. 300 $a164 p. ;$c26 cm 490 1 $aStudi di diritto industriale ;$v12 504 $aBibliografia in nota. 650 4$aEconomia$xStudi.$0(OLS)http://pul/subject/19077 830 0$aStudi di diritto industriale ;$v12.$0(OLS)http://pul/title/60973 850 $aPUL 852 $aPUL$W1$xDP1 Cons. Gen., Altre Classi 1$y22$m46 I 49$j60737$nBK-PRI$b $qStampati$B60737$CPULBib$Z2$F60737 $H $81 941 1 $a8 961 $aINV: 50984 996 $6245$aIl boicottaggio$9(OLS)http://pul/title/60972 996 $6260$aMilano :$bGiuffrè$9(OLS)http://pul/publisher/48401 LEADER 01358nam a2200301 u 4500 001 000000065251 003 CaOOAMICUS 005 20071121130258.0 008 011204s1997 it u000 u ita u 020 $a88-02-05163-1 035 $a10912491 040 $aMSA$bita 100 1 $aPetti, Giovanni Battista.$0(OLS)http://pul/name/34858 245 13$aIl risarcimento del danno biologico :$bcasistica, tabelle e giurisprudenza /$cGiovanni Battista Petti. 260 $aTorino :$bUTET,$c1997. 300 $axiv, 436 p. ;$c25 cm 490 1 $aIl diritto attuale ;$v26 500 $aSegue: Appendice. 650 4$aDanni alla persona.$0(OLS)http://pul/subject/20250 830 3$aIl diritto attuale ;$v26.$0(OLS)http://pul/title/52374 850 $aPUL 852 $aPUL$W1$xSL Diritto e Scienze Sociali 3$y79$m300 A 17.26$j84526$nBK-PRI$b $qDDC 21$B84526$CPULBib$Z2$F84526 $H86835 $82 852 $aPUL$W1$xSL Diritto e Scienze Sociali 1$y4$m173 F 54$j123430$ac. 2$qStampati$B122372$CPULBib$Z2$F122372 $H78588 $82 941 1 $a9 941 1 $a8 996 $6020$a88-02-05163-1$9(OLS)http://pul/number/84627 996 $6245$aIl risarcimento del danno biologico :$bcasistica, tabelle e giurisprudenza$9(OLS)http://pul/title/86833 996 $6260$aTorino :$bUTET$9(OLS)http://pul/publisher/48088